Bibliographic Details
Personálne heslo: HADRI-DREVENICKÝ, František, 1905-1961
Format:Regionálne osobnosti
Bližší popis: Narodený 13.06.1905 Spišské Podhradie, zomrel 11.11.1961 Cirkev rim. kat., literatúra slovenská, poézia, preklady literárne, historik
Source: 1. J. 1. Skromný kňaz-básnik a prekladateľ 1. Katolícke noviny, 7.11.1976, s.6
2. Minďáš, Emil 2. Veľký priateľ detí. Spišiaci, viete, kto bol František Hadri-Drevenický? 2. Slovenský východ, 1/20, 14.12.1991, č.293, s.7. Obr.1
3. Ogurčák, Ľubomír 3. Bratia Hadriovci 3. Katolícke noviny, 141, 5.8.1990, č.31, s.8
4. Ogurčák, Ľubomír 4. František Hadri-Drevenický 4. Slovenský denník, 2, 15.11.1991, č.268, s.10; Spišský poľnohospodár, 2, 15.11.1991, č.21, s.2,4. Obr.1; Kat. noviny, 1.12.1991, č.48, s.10
LEADER 01647nz a2200529n 4500
001 000056913
003 SVKKK
005 00000000000000.0
008 06 |n|annnnaabn | a|c
FMT
040 |a SVKKK  |b slo  |e AACR2 
080 |a 282 
080 |a 82.03 
080 |a 885.4 
080 |a 93/99 
100 1 |a HADRI-DREVENICKÝ, František,  |d 1905-1961 
670 |a Bratia Hadriovci 
670 |a František Hadri-Drevenický 
670 |a Skromný kňaz-básnik a prekladateľ 
670 |a Veľký priateľ detí. Spišiaci, viete, kto bol František Hadri-Drevenický? 
678 0 |a Narodený 13.06.1905 Spišské Podhradie, zomrel 11.11.1961 Cirkev rim. kat., literatúra slovenská, poézia, preklady literárne, historik 
909 |a SK 
971
972
973
975
976
977
978
981
981
981
981
981
993
993
993
993
993
994
994
995 |a J.  |c Skromný kňaz-básnik a prekladateľ  |d Katolícke noviny, 7.11.1976, s.6 
995 |a Minďáš, Emil  |c Veľký priateľ detí. Spišiaci, viete, kto bol František Hadri-Drevenický?  |d Slovenský východ, 1/20, 14.12.1991, č.293, s.7. Obr.1 
995 |a Ogurčák, Ľubomír  |c Bratia Hadriovci  |d Katolícke noviny, 141, 5.8.1990, č.31, s.8 
995 |a Ogurčák, Ľubomír  |c František Hadri-Drevenický  |d Slovenský denník, 2, 15.11.1991, č.268, s.10; Spišský poľnohospodár, 2, 15.11.1991, č.21, s.2,4. Obr.1; Kat. noviny, 1.12.1991, č.48, s.10 
BAS
998 |a REOS